000 00582nam a2200217Ia 4500
003 GCL
008 140319s9999 xx 000 0 ara d
040 _aGCL /
_cGCL
082 0 4 _a901
_bد د
100 1 _aديورانت، ول
245 1 0 _aدروس التاريخ /
_cديورانت، ول
700 1 _aعلى شلش (مترجم ومقدم)
260 _a[S.N] :
_bدار سعاد الصباح ،
_c1993
300 _a197 ص
490 _a
650 0 4 _aفلسفة
650 0 4 _aالحضارة
650 0 4 _aالتاريخ
650 0 4 _aمصادر
942 _2ddc
_cBK
999 _c35875
_d35875